<?xml version="1.0" encoding="UTF-8"?>
<record
    xmlns:xsi="http://www.w3.org/2001/XMLSchema-instance"
    xsi:schemaLocation="http://www.loc.gov/MARC21/slim http://www.loc.gov/standards/marcxml/schema/MARC21slim.xsd"
    xmlns="http://www.loc.gov/MARC21/slim">

  <leader>03261cam a2200361 i 4500</leader>
  <controlfield tag="001">17206105</controlfield>
  <controlfield tag="003">EG-ScBUE</controlfield>
  <controlfield tag="005">20250804094719.0</controlfield>
  <controlfield tag="008">120312t2012    gw a   f b    001 0 eng d</controlfield>
  <datafield tag="020" ind1=" " ind2=" ">
    <subfield code="a">9783527327171 (pbk.)</subfield>
  </datafield>
  <datafield tag="020" ind1=" " ind2=" ">
    <subfield code="a">3527327177 (pbk.)</subfield>
  </datafield>
  <datafield tag="040" ind1=" " ind2=" ">
    <subfield code="a">UKM</subfield>
    <subfield code="b">eng</subfield>
    <subfield code="e">rda</subfield>
    <subfield code="c">STF</subfield>
    <subfield code="d">CDX</subfield>
    <subfield code="d">YDXCP</subfield>
    <subfield code="d">BDX</subfield>
    <subfield code="d">MUU</subfield>
    <subfield code="d">SFU</subfield>
    <subfield code="d">LMR</subfield>
    <subfield code="d">KMS</subfield>
    <subfield code="d">DLC</subfield>
    <subfield code="d">BU-ScBUE</subfield>
  </datafield>
  <datafield tag="041" ind1="1" ind2=" ">
    <subfield code="a">eng</subfield>
    <subfield code="h">ger</subfield>
  </datafield>
  <datafield tag="082" ind1="0" ind2="4">
    <subfield code="a">547.05045</subfield>
    <subfield code="2">22</subfield>
    <subfield code="b">STE</subfield>
  </datafield>
  <datafield tag="100" ind1="1" ind2=" ">
    <subfield code="a">Steinborn, Dirk,</subfield>
    <subfield code="e">author.</subfield>
    <subfield code="9">36214</subfield>
  </datafield>
  <datafield tag="245" ind1="1" ind2="0">
    <subfield code="a">Fundamentals of organometallic catalysis /</subfield>
    <subfield code="c">Dirk Steinborn ; translated by Alan Frenkel.</subfield>
  </datafield>
  <datafield tag="264" ind1=" " ind2="1">
    <subfield code="a">Weinheim, Germany : </subfield>
    <subfield code="b">Wiley-VCH Verlag Gmbh &amp; Co. KGaA,</subfield>
    <subfield code="c">[2012]</subfield>
  </datafield>
  <datafield tag="264" ind1=" " ind2="4">
    <subfield code="c">c2012</subfield>
  </datafield>
  <datafield tag="300" ind1=" " ind2=" ">
    <subfield code="a">xvii, 456 pages :</subfield>
    <subfield code="b">illustrations ;</subfield>
    <subfield code="c">24 cm</subfield>
  </datafield>
  <datafield tag="336" ind1=" " ind2=" ">
    <subfield code="2">rdacontent</subfield>
    <subfield code="a">text</subfield>
    <subfield code="b">txt</subfield>
  </datafield>
  <datafield tag="337" ind1=" " ind2=" ">
    <subfield code="a">unmediated</subfield>
    <subfield code="2">rdamedia</subfield>
    <subfield code="b">n</subfield>
  </datafield>
  <datafield tag="338" ind1=" " ind2=" ">
    <subfield code="a">volume</subfield>
    <subfield code="b">nc</subfield>
    <subfield code="2">rdacarrier</subfield>
  </datafield>
  <datafield tag="504" ind1=" " ind2=" ">
    <subfield code="a">Includes bibliographical references and index.
</subfield>
  </datafield>
  <datafield tag="505" ind1="0" ind2=" ">
    <subfield code="a">Principles of organometallic catalysis-Elementary steps in organometallic catalysis-Hydrogenation of olefins-Hydroformylation of olefins and Fischer-Tropsch synthesis-Carbonylation of methanol and water-gas shift reaction-Metathesis-Oligomerization olefins-Polymerization of olefins-C-C linkage of dienes-C-C coupling reactions-Hydrocyanation, hydrosilylation, and hydroamination of olefins-Oxidation of olefins and alkanes-Nitrogen fixation.</subfield>
  </datafield>
  <datafield tag="520" ind1=" " ind2=" ">
    <subfield code="a">Catalysis, the basic principle for overcoming the kinetic inhibition of chemical reactions, is fundamental in chemistry. In particular, organometallic catalysis plays an overwhelming role in both research and industry. It opens the way to entirely novel synthetic methods and finds widespread applications ranging from mass-production of every-day polymers to stereocontrolled synthesis of bioactive chemicals used as pharmaceuticals and agrochemicals. The targeted development of improved and novel catalysts demands understanding of the relationships between their structures and catalytic properties. Accordingly, this textbook offers the reader a fundamental understanding of the course of organometallic-catalyzed reactions, starting at the molecular level. The initial chapters explain the principles of catalysis and the elementary steps in organometallic catalysis. The book then explores important organometallic-catalyzed reactions, with a focus on mechanism. Current developments are emphasized throughout. Asymmetric synthesis is covered in depth. FInally, the book examines the catalytic behavior of particular metalloenzymes. A look at nitrogen fixation offers a comparative examination of the three major areas of catalysis--homogeneous, heterogeneous, and enzymatic. In addition to problems, the textbook offers solutions, making the book an invaluable learning tool. It is a must-have for advanced students in chemistry and biochemistry, as well as for inorganic and organic chemists, for those working with organometallics, and for those specializing in catalysis.</subfield>
  </datafield>
  <datafield tag="546" ind1=" " ind2=" ">
    <subfield code="a">Translated from the German.</subfield>
  </datafield>
  <datafield tag="650" ind1=" " ind2="7">
    <subfield code="a">Catalysis</subfield>
    <subfield code="v">Textbooks.</subfield>
    <subfield code="2">BUEsh</subfield>
    <subfield code="9">36215</subfield>
  </datafield>
  <datafield tag="650" ind1=" " ind2="7">
    <subfield code="a">Organometallic chemistry</subfield>
    <subfield code="v">Textbooks.</subfield>
    <subfield code="2">BUEsh</subfield>
    <subfield code="9">36216</subfield>
  </datafield>
  <datafield tag="653" ind1=" " ind2=" ">
    <subfield code="b">ENGGEN</subfield>
    <subfield code="c">October2014</subfield>
  </datafield>
  <datafield tag="655" ind1=" " ind2=" ">
    <subfield code="v">Reading book</subfield>
    <subfield code="9">34232</subfield>
  </datafield>
  <datafield tag="700" ind1="1" ind2=" ">
    <subfield code="a">Frenkel, Alan,</subfield>
    <subfield code="e">translator.</subfield>
    <subfield code="9">36217</subfield>
  </datafield>
  <datafield tag="942" ind1=" " ind2=" ">
    <subfield code="2">ddc</subfield>
    <subfield code="c">BB</subfield>
  </datafield>
  <datafield tag="999" ind1=" " ind2=" ">
    <subfield code="c">18455</subfield>
    <subfield code="d">18427</subfield>
  </datafield>
  <datafield tag="952" ind1=" " ind2=" ">
    <subfield code="0">0</subfield>
    <subfield code="1">0</subfield>
    <subfield code="2">ddc</subfield>
    <subfield code="4">0</subfield>
    <subfield code="7">0</subfield>
    <subfield code="8">Baccah</subfield>
    <subfield code="a">MAIN</subfield>
    <subfield code="b">MAIN</subfield>
    <subfield code="c">1ST</subfield>
    <subfield code="d">2014-10-15</subfield>
    <subfield code="e">purchase</subfield>
    <subfield code="g">440.00</subfield>
    <subfield code="l">2</subfield>
    <subfield code="m">3</subfield>
    <subfield code="o">547.05045 STE</subfield>
    <subfield code="p">000036671</subfield>
    <subfield code="q">2023-11-25</subfield>
    <subfield code="r">2023-10-25 00:00:00</subfield>
    <subfield code="s">2023-10-25</subfield>
    <subfield code="v">550.00</subfield>
    <subfield code="y">BB</subfield>
  </datafield>
  <datafield tag="952" ind1=" " ind2=" ">
    <subfield code="0">0</subfield>
    <subfield code="1">0</subfield>
    <subfield code="2">ddc</subfield>
    <subfield code="4">0</subfield>
    <subfield code="7">0</subfield>
    <subfield code="8">Baccah</subfield>
    <subfield code="a">MAIN</subfield>
    <subfield code="b">MAIN</subfield>
    <subfield code="c">1ST</subfield>
    <subfield code="d">2014-10-15</subfield>
    <subfield code="e">purchase</subfield>
    <subfield code="g">440.00</subfield>
    <subfield code="l">1</subfield>
    <subfield code="o">547.05045 STE</subfield>
    <subfield code="p">000036672</subfield>
    <subfield code="r">2025-07-15 00:00:00</subfield>
    <subfield code="s">2014-10-19</subfield>
    <subfield code="v">550.00</subfield>
    <subfield code="y">BB</subfield>
  </datafield>
</record>
